Dictionary of business / (Record no. 30048)

MARC details
000 -LEADER
fixed length control field 00663nam a2200181Ia 4500
008 - FIXED-LENGTH DATA ELEMENTS--GENERAL INFORMATION
fixed length control field 081213s9999 xx 000 0 und d
020 ## - INTERNATIONAL STANDARD BOOK NUMBER
Terms of availability 0261672142
050 ## - LIBRARY OF CONGRESS CALL NUMBER
Classification number REF HF1001
Item number .D53 1995
245 ## - TITLE STATEMENT
Title Dictionary of business /
Statement of responsibility, etc Christopher Pass, Bryan Lowes, Andrew Pendleton and Leslie Chadwick
260 ## - PUBLICATION, DISTRIBUTION, ETC. (IMPRINT)
Date of publication, distribution, etc 1995
Place of publication, distribution, etc London :,
Name of publisher, distributor, etc Unwin Hyman
300 ## - PHYSICAL DESCRIPTION
Other physical details ill.
Extent 706 p.;
Dimensions 22 cm.
650 ## - SUBJECT ADDED ENTRY--TOPICAL TERM
Topical term or geographic name as entry element Business -- Dictionaries.
700 ## - ADDED ENTRY--PERSONAL NAME
Personal name Lowes, Bryan
700 ## - ADDED ENTRY--PERSONAL NAME
Personal name Pendleton, Andrew
700 ## - ADDED ENTRY--PERSONAL NAME
Personal name Pass, Christopher
942 ## - ADDED ENTRY ELEMENTS (KOHA)
Item type Book
Source of classification or shelving scheme Library of Congress Classification
Holdings
Withdrawn status Lost status Source of classification or shelving scheme Damaged status Not for loan Collection code Home library Current library Shelving location Date acquired Total Checkouts Full call number Barcode Copy number Price effective from Koha item type
    Library of Congress Classification   Not For Loan Non-fiction Bishop Okullu Memorial Library (Limuru Campus) Bishop Okullu Memorial Library (Limuru Campus) Reference 14/10/2011   REF HF1001 .D53 1995 028775 1 14/10/2011 Book